[Event "3rd ACP Blitz Prelim2"]
[Site "playchess.com INT"]
[Date "2004.06.01"]
[Round "3"]
[White "Avrukh,B"]
[Black "Deviatkin,A"]
[Result "0-1"]
[WhiteElo "2620"]
[BlackElo "2502"]

1.d4 d5 2.c4 c6 3.Nf3 Nf6 4.Nc3 dxc4 5.a4 Bf5 6.e3 e6 7.Bxc4 Bb4 8.O-O O-O
9.Qe2 Bg6 10.Ne5 Nbd7 11.Nxg6 hxg6 12.Rd1 Qa5 13.Na2 Be7 14.Bd2 Qh5 15.Qxh5 gxh5
16.b4 Rfd8 17.Rab1 a6 18.Nc1 e5 19.Nb3 Nb6 20.dxe5 Nxc4 21.exf6 Bxf6 22.Be1 Na3
23.Rbc1 Bb2 24.Rxd8+ Rxd8 25.Rc5 Rd3 26.Nd2 Bc3 27.Nf3 Bxe1 28.Nxe1 Rb3 29.Rxh5 Rb1
30.Kf1 Nc2 31.Ke2 Nxe1 32.Rc5 Nxg2 33.Rc4 f5 34.Kf3 Ne1+ 35.Ke2 Kf7 36.h4 Ke6
37.h5 Kf6 38.f3 Ng2 39.Rd4 Rb2+ 40.Kd3 Ne1+ 41.Kc4 Nxf3 42.Rd6+ Ke7 43.Rd1 Ne5+
44.Kc5 Nd7+ 45.Kc4 Rh2 46.a5 Rh4+ 47.Kc3 Rxh5 48.Rg1 g5 49.Rf1 Ke6  0-1

[Event "3rd ACP Blitz Prelim4"]
[Site "playchess.com INT"]
[Date "2004.06.03"]
[Round "14"]
[White "Harika,D"]
[Black "Polaczek,R"]
[Result "1/2-1/2"]
[WhiteElo "2368"]
[BlackElo "2426"]

1.d4 d5 2.c4 c6 3.Nf3 Nf6 4.Nc3 dxc4 5.a4 Bf5 6.Nh4 Bd7 7.g3 e6 8.Bg2 c5
9.Bxb7 Bc6 10.Bxc6+ Nxc6 11.dxc5 Qxd1+ 12.Nxd1 Bxc5 13.O-O Nd4 14.Be3 Nd5
15.Bxd4 Bxd4 16.Nf3 Bf6 17.Rc1 Rc8 18.Nd2 c3 19.bxc3 Nxc3 20.Nxc3 Rxc3 21.Rxc3 Bxc3
22.Rc1 Ba5 23.Rc8+ Bd8 24.Ra8 a5 25.Nc4 O-O 26.Nxa5 Bxa5 27.Rxa5 Rb8 28.Ra7 Kf8
29.a5 Rb2 30.e3 Ra2 31.h4 g6 32.a6 Kg7 33.g4 Ra4 34.f3 Ra2 35.g5 Ra4 36.Ra8 Ra2
37.e4 h6 38.a7 hxg5 39.hxg5 Kh7 40.Kf1 Kg7 41.Ke1 Kh7 42.Kd1 Kg7 43.Kc1 Kh7
44.Kb1 Ra6 45.Kb2 Kg7 46.Kb3 Ra1 47.Kc4 Ra4+ 48.Kc5 Ra1 49.Kd4 Ra4+ 50.Ke5 Ra5+
51.Kf4 Ra4 52.Kg4 Ra5 53.f4 Ra4 54.Kf3 Ra3+ 55.Ke2 Ra2+ 56.Kd3 Ra3+ 57.Kd4 Ra4+
58.Ke5 Ra5+ 59.Kd6 Ra6+ 60.Kc7 Ra1 61.Kb7 Rb1+ 62.Kc6 Rc1+ 63.Kd7 Ra1 64.Ke7 Ra2
65.Kd6 Ra3 66.Kc6 Ra2 67.Kb6 Rb2+ 68.Kc5 Rc2+ 69.Kd4 Ra2 70.Ke3 Ra3+ 71.Kf2 Ra2+
72.Kg3 Ra3+ 73.Kg4 Ra4 74.Kh3 Ra3+ 75.Kh4 Ra2 76.Kg4 Ra4  1/2-1/2

[Event "3rd ACP Blitz Prelim4"]
[Site "playchess.com INT"]
[Date "2004.06.03"]
[Round "21"]
[White "Shipov,S"]
[Black "Polaczek,R"]
[Result "1-0"]
[WhiteElo "2593"]
[BlackElo "2426"]

1.d4 d5 2.c4 c6 3.Nc3 Nf6 4.Nf3 dxc4 5.a4 Bf5 6.Nh4 Bd7 7.e3 e6 8.Bxc4 c5
9.Nf3 cxd4 10.exd4 Bc6 11.O-O Bb4 12.Bg5 h6 13.Bh4 O-O 14.Re1 Nbd7 15.Qe2 Nb6
16.Bb3 Be7 17.Rad1 Nfd5 18.Bxe7 Qxe7 19.a5 Nxc3 20.bxc3 Ba4 21.Qa2 Bxb3 22.Qxb3 Nc8
23.d5 Rd8 24.dxe6 Rxd1 25.exf7+ Qxf7 26.Qxd1 Ne7 27.Ne5 Qd5 28.Qg4 Rd8 29.h4 Rf8
30.Nd7 Qd2 31.Rxe7 Qxf2+ 32.Kh2 Qf1 33.Qxg7+  1-0

[Event "FSIM June"]
[Site "Budapest HUN"]
[Date "2004.06.11"]
[Round "7"]
[White "Eperjesi,L"]
[Black "Farago,S"]
[Result "1/2-1/2"]
[WhiteElo "2322"]
[BlackElo "2314"]

1.d4 Nf6 2.c4 c6 3.Nc3 d5 4.Nf3 dxc4 5.a4 Bf5 6.e3 e6 7.Bxc4 Bb4 8.Bd2 a5
9.O-O Na6 10.Rc1 Bg6 11.Re1 O-O 12.Qe2 Qe7 13.Ne5 Nd7 14.Nxg6 hxg6 15.e4 Nc7
16.Qf3 Rad8 17.Red1 Nb6 18.Bb3 Rxd4 19.Qg3 Bxc3 20.Bxc3 Rxd1+ 21.Rxd1 Ra8
22.Bc2 Ne8 23.b3 Nd7 24.Qe3 b6 25.f4 Nef6 26.h3 Qc5 27.Kf2 Qxe3+ 28.Kxe3 Nc5
29.g4 Rc8 30.Rd6 Kf8 31.Kf3 Ke7 32.Rd1 Rh8 33.Rh1 g5 34.fxg5 Nh7 35.Bxg7 Nxg5+
36.Ke3 Rxh3+ 37.Rxh3 Nxh3 38.Bc3 f6 39.e5 Nd7 40.Be4  1/2-1/2

[Event "Summer IV"]
[Site "Alushta UKR"]
[Date "2004.06.19"]
[Round "3"]
[White "Evdokimov,Alexa"]
[Black "Tolstikh,N"]
[Result "1-0"]
[WhiteElo "2495"]
[BlackElo "2425"]

1.d4 d5 2.c4 c6 3.Nf3 Nf6 4.Nc3 dxc4 5.a4 Bf5 6.Nh4 Bd7 7.e4 e6 8.g3 Bb4
9.Bg2 c5 10.d5 exd5 11.exd5 Bg4 12.Qc2 O-O 13.O-O Re8 14.Bg5 Bxc3 15.Qxc3 Ne4
16.Bxd8 Nxc3 17.bxc3 Rxd8 18.Rab1 Nd7 19.h3 Bh5 20.f4 f6 21.Rxb7 Nb6 22.Nf5 Rd7
23.Rxd7 Nxd7 24.Rb1 Rb8 25.Rxb8+ Nxb8 26.Bf1 Bg6 27.Ne7+ Kf8 28.Nc8 a5 29.Bxc4 Be8
30.Bb3 Bd7 31.Nd6 Bxh3 32.Nb7 Nd7 33.d6 g5 34.Nxa5 Bf5 35.Nc6 Be4 36.Ne7 Ke8
37.a5 Nb8 38.Ng8 Bb7 39.Nxf6+ Kd8 40.fxg5 Nc6 41.Nxh7 Ne5 42.Nf8 c4 43.Ba4 Nf3+
44.Kf2 Nxg5 45.Ke3 Bc8 46.Bb5 Nf7 47.d7 Bb7 48.a6  1-0

[Event "TCh-CRO"]
[Site "Rabac CRO"]
[Date "2004.06.23"]
[Round "4"]
[White "Bukal,V jr"]
[Black "Golubovic,B"]
[Result "1/2-1/2"]
[WhiteElo "2381"]
[BlackElo "2424"]

1.d4 d5 2.c4 c6 3.Nf3 Nf6 4.Nc3 dxc4 5.a4 Bf5 6.e3 e6 7.Bxc4 Bb4 8.O-O O-O
9.Nh4 Nbd7 10.Nxf5 exf5 11.Qc2 Nb6 12.Be2 Qd7 13.a5 Nbd5 14.Rd1 Rfe8 15.Bf3 a6
16.g3 Rad8 17.Ra4 Bf8 18.Rc4 g6 19.Na4 Ne4 20.Nc5 Nxc5 21.dxc5 Qc7 22.b4 Bg7
23.Bb2 Nf6 24.Rcd4 Rxd4 25.Bxd4 Rd8 26.Qb2 Ne8 27.Bxg7 Nxg7 28.Qf6 Ne6 29.h4 Rxd1+
30.Bxd1 Qd8 31.Qxd8+ Nxd8 32.Kg2 Kg7 33.f4 Ne6 34.Bb3 h5 35.Kf3 Kf6 36.Ke2 Ke7
37.Kd3 Nf8 38.Bd1 Nd7 39.Bf3 Nf6 40.Kd4 Ne8 41.e4 Ng7 42.e5  1/2-1/2

[Event "XVIII Open"]
[Site "Pula CRO"]
[Date "2004.06.26"]
[Round "9"]
[White "Nikolov,Sas"]
[Black "Mikac,M"]
[Result "1-0"]
[WhiteElo "2392"]
[BlackElo "2357"]

1.d4 d5 2.c4 c6 3.Nf3 Nf6 4.Nc3 dxc4 5.a4 Bf5 6.Ne5 Nbd7 7.Nxc4 Qc7 8.g3 e5
9.dxe5 Nxe5 10.Bf4 Nfd7 11.Bg2 f6 12.O-O Nc5 13.Ne3 Bg6 14.b4 Ne6 15.b5 Rd8
16.Qb3 Bf7 17.Bxe5 fxe5 18.bxc6 bxc6 19.Rfc1 Nd4 20.Qb1 Bc5 21.Nf5 O-O 22.Nxd4 exd4
23.Ne4 Be7 24.Nc5 Qe5 25.Nd3 Qf6 26.Rxc6 Rd6 27.Rc7 Rb6 28.Qc2 a5 29.Rd7 Be6
30.Bd5 Kh8 31.Bxe6 Qxe6 32.Qc7 Bf6 33.Rc1 Rbb8 34.Nf4 Qf5 35.Rd5 Qe4 36.Qc2 d3
37.Qxd3  1-0

[Event "5th Open"]
[Site "Marseille FRA"]
[Date "2004.06.30"]
[Round "6"]
[White "Inkiov,V"]
[Black "Malakhatko,V"]
[Result "0-1"]
[WhiteElo "2483"]
[BlackElo "2540"]

1.d4 d5 2.c4 c6 3.Nf3 Nf6 4.Nc3 dxc4 5.a4 Bf5 6.Nh4 Bg4 7.f3 Bd7 8.e4 e6
9.Bxc4 c5 10.d5 Nxd5 11.Nxd5 exd5 12.Qxd5 Qxh4+ 13.g3 Qf6 14.Qxb7 Qc6 15.Bd5 Qxb7
16.Bxb7 Bc6 17.Bxa8 Bxa8 18.Be3 Na6 19.Rc1 Be7 20.Ke2 O-O 21.b4 cxb4 22.Bxa7 f5
23.exf5 Bg5 24.f4 Bxh1 25.fxg5 Be4 26.g4 b3 27.Bd4 Rd8 28.Ke3 Rxd4 29.Kxd4 b2
30.Re1 b1=Q 31.Rxb1 Bxb1 32.Ke5 Bd3  0-1

[Event "ch-NED w"]
[Site "Leeuwarden NED"]
[Date "2004.07.03"]
[Round "5"]
[White "Bosboom Lanchava,T"]
[Black "Hamelink,D"]
[Result "1-0"]
[WhiteElo "2375"]
[BlackElo "2192"]

1.d4 Nf6 2.Nf3 d5 3.c4 c6 4.Nc3 dxc4 5.a4 Bf5 6.Ne5 Nbd7 7.Nxc4 Qc7 8.Bg5 h6
9.Bh4 Nb6 10.Bg3 Qd8 11.Ne5 e6 12.f3 a5 13.e4 Bh7 14.Bf2 Bd6 15.Nd3 Nfd7
16.Qb3 O-O 17.Nc5 Qb8 18.g3 Be7 19.Rd1 Qc7 20.Bh3 Nxc5 21.dxc5 Nd7 22.Bxe6 Ne5
23.f4 fxe6 24.Qxe6+ Kh8 25.Qxe5 Qxe5 26.fxe5 Rfe8 27.Bd4 Bd8 28.O-O Bg6 29.e6 Bc7
30.Bxg7+ Kxg7 31.Rd7+ Kh8 32.Rf6 Bxg3 33.hxg3 Rg8 34.Rxb7 Rg7 35.e7 Kh7 36.Rxc6 Be8
37.Rd6 Rxg3+ 38.Kf2 Rg8 39.Nd5 Kg7 40.Nf6  1-0

[Event "TCh-GRE"]
[Site "Aghia Pelagia GRE"]
[Date "2004.07.04"]
[Round "1"]
[White "Izoria,Z"]
[Black "Mchedlishvili,M"]
[Result "1/2-1/2"]
[WhiteElo "2593"]
[BlackElo "2518"]

1.Nf3 Nf6 2.c4 c6 3.d4 d5 4.Nc3 dxc4 5.a4 Bf5 6.Nh4 e6 7.Nxf5 exf5 8.e3 Bb4
9.Bxc4 O-O 10.Qc2 g6 11.O-O Nbd7 12.f3 Rc8 13.Kh1 Nb6 14.Ba2 c5 15.Qf2 cxd4
16.exd4 Nfd5 17.Nxd5 Nxd5 18.Bh6 Re8 19.Rac1 Qd7 20.Bb3 Bf8 21.Rxc8 Rxc8
22.Bxf8 Kxf8 23.Qd2 Nf6 24.d5 Qd6 25.a5 b6 26.Rd1 Kg7 27.axb6 axb6 28.g3 h5
29.Kg2 Rc5 30.Rc1 Rxc1 31.Qxc1 Qb4 32.Qc3  1/2-1/2

[Event "22nd Open"]
[Site "Andorra la Vella AND"]
[Date "2004.07.04"]
[Round "2"]
[White "Oms Pallise,J"]
[Black "Holmsgaard,H"]
[Result "1-0"]
[WhiteElo "2518"]
[BlackElo "2289"]

1.d4 d5 2.c4 c6 3.Nf3 Nf6 4.Nc3 dxc4 5.a4 Bf5 6.e3 e6 7.Bxc4 Bb4 8.O-O O-O
9.Nh4 Bg4 10.f3 Bh5 11.g4 Nd5 12.Ng2 Bg6 13.Na2 Be7 14.e4 Nb6 15.Bb3 a5 16.Be3 N8d7
17.Nc3 Bb4 18.h4 h6 19.Na2 Be7 20.Qe1 e5 21.Rd1 exd4 22.Bxd4 Qc7 23.Qf2 Bf6
24.Be3 c5 25.Nc3 Bxc3 26.bxc3 c4 27.Bc2 Rac8 28.Rb1 Na8 29.Nf4 Nf6 30.g5 hxg5
31.hxg5 Nh5 32.Nd5 Qd7 33.Rfd1 Qh3 34.Ne7+ Kh7 35.Nxc8 Rxc8 36.Rd6 Nc7 37.Qg2 Qh4
38.Qh2  1-0

[Event "IMB"]
[Site "Brno CZE"]
[Date "2004.07.04"]
[Round "2"]
[White "Cech,P"]
[Black "Holemar,D"]
[Result "1-0"]
[WhiteElo "2404"]
[BlackElo "2380"]

1.d4 d5 2.c4 c6 3.Nc3 Nf6 4.Nf3 dxc4 5.a4 Bf5 6.Ne5 Nbd7 7.Nxc4 Nb6 8.Ne5 a5
9.g3 Nfd7 10.Nd3 Bxd3 11.Qxd3 e6 12.Bg2 Be7 13.O-O O-O 14.Rd1 Bb4 15.b3 Qe7
16.Bb2 Rfd8 17.e4 e5 18.Ne2 f6 19.f4 exf4 20.Nxf4 Nc5 21.Qf3 Ne6 22.Nxe6 Qxe6
23.Kh1 Re8 24.Rf1 Rad8 25.Rad1 Nc8 26.d5 cxd5 27.e5 fxe5 28.Rxd5 Rxd5 29.Qxd5 Nd6
30.Qxe6+  1-0

[Event "Nova Open"]
[Site "Haarlem NED"]
[Date "2004.07.04"]
[Round "6"]
[White "Schouwerwou,X"]
[Black "Strating,S"]
[Result "0-1"]
[WhiteElo "2151"]
[BlackElo "2307"]

1.d4 d5 2.c4 c6 3.Nf3 Nf6 4.Nc3 dxc4 5.a4 Bf5 6.e3 e6 7.Bxc4 Nbd7 8.O-O Bb4
9.Qe2 Bg6 10.e4 Bxc3 11.bxc3 Nxe4 12.Ba3 Qc7 13.Qb2 c5 14.Bb5 O-O 15.Bxd7 Qxd7
16.Ne5 Qc7 17.Nxg6 hxg6 18.f3 Nf6 19.Bxc5 Rfe8 20.a5 Nd7 21.Bb4 Rac8 22.Rac1 Qc4
23.Rfe1 b6 24.Ra1 Nf6 25.axb6 axb6 26.Rab1 Nd5 27.Red1 Rc6 28.Rd2 Nf4 29.Qa2 Rd8
30.g3 Nd5 31.Qxc4 Rxc4 32.f4 Kh7 33.Kf2 Kh6 34.Rb3 g5 35.fxg5+ Kxg5 36.Ke2 Rb8
37.Kd3 Nxb4+ 38.cxb4 b5 39.Re2 Rd8 40.Re5+ f5 41.Rxb5 Rdxd4+ 42.Ke3 Kg4 43.Rb2 g5
44.Re5 Rxb4 45.Rxb4 Rxb4 46.Rxe6 Rb2 47.Rh6 f4+ 48.gxf4 gxf4+ 49.Ke4 Re2+
50.Kd3 Re3+ 51.Kd2 Rh3 52.Rc6 Rxh2+ 53.Ke1 Kg3 54.Rg6+ Kf3 55.Rg7 Rh1+ 56.Kd2 Kf2
57.Rf7 f3 58.Rf8 Rh7 59.Rf4 Rd7+ 60.Kc2 Ke2 61.Re4+ Kf1 62.Rf4 f2 63.Rf8 Rd5
64.Rf7 Ke2 65.Re7+ Kf3 66.Rf7+ Ke3 67.Rf8 Rd4  0-1

[Event "3rd Open"]
[Site "La Fere FRA"]
[Date "2004.07.05"]
[Round "3"]
[White "Gosset,A"]
[Black "Malakhatko,V"]
[Result "0-1"]
[WhiteElo "2146"]
[BlackElo "2555"]

1.Nf3 d5 2.d4 c6 3.c4 Nf6 4.Nc3 dxc4 5.a4 Bf5 6.Ne5 e6 7.f3 Bb4 8.e4 Bxe4
9.fxe4 Nxe4 10.Bd2 Qxd4 11.Nxe4 Qxe4+ 12.Qe2 Bxd2+ 13.Kxd2 Qd5+ 14.Kc3 Na6
15.Qe3 Qa5+ 16.Kc2 Nb4+ 17.Kc1 Nd5 18.Qf2 Qc7 19.Nxc4 b5 20.Ne3 O-O 21.Nxd5 cxd5+
22.Kb1 bxa4 23.Bd3 Rfc8 24.Ra3 Rab8 25.Rf1 Rb4 26.Qe3 Rcb8 27.Rf2 Qxh2 28.Rc2 g6
29.Qxa7 Qe5 30.Qf2 Rb3 31.Ka2 R8b4 32.Qe2 Qd4 33.Rd2 Qf6 34.Rxa4 Rxb2+ 35.Rxb2 Rxa4+
36.Kb1 Kg7 37.Bb5 Re4 38.Qf2 Qxf2 39.Rxf2 Rb4+ 40.Rb2 Rxb2+ 41.Kxb2 Kf6 42.Kc3 Ke5
43.Be8 f5 44.Bf7 Kf6 45.Be8 e5 46.Bc6 d4+ 47.Kc4 h5 48.g3 g5 49.Bg2 g4 50.Bf1 Kg5
51.Kd5 f4 52.Kxe5 fxg3 53.Kxd4 Kf4  0-1

[Event "ch-NOR"]
[Site "Molde NOR"]
[Date "2004.07.05"]
[Round "3"]
[White "Elsness,F"]
[Black "Johannessen,LE"]
[Result "1/2-1/2"]
[WhiteElo "2408"]
[BlackElo "2521"]

1.d4 d5 2.c4 c6 3.Nf3 Nf6 4.Nc3 dxc4 5.a4 Bf5 6.e3 e6 7.Bxc4 Bb4 8.O-O O-O
9.Nh4 Nbd7 10.f3 Bg6 11.Nxg6 hxg6 12.e4 e5 13.Be3 Qa5 14.Qb3 Rad8 15.Ne2 exd4
16.Nxd4 Ne5 17.Be2 Rd7 18.Rfd1 Rfd8 19.Kh1 a6 20.f4 Neg4 21.Bg1 Bc5 22.Qc3 Qc7
23.Bxg4 Bxd4 24.Rxd4 Nxg4 25.Rad1 Nf6  1/2-1/2

[Event "Skanska Cup"]
[Site "Olomouc CZE"]
[Date "2004.07.06"]
[Round "4"]
[White "Babula,V"]
[Black "Slaby,J"]
[Result "1-0"]
[WhiteElo "2569"]
[BlackElo "2391"]

1.d4 d5 2.c4 c6 3.Nf3 Nf6 4.Nc3 dxc4 5.a4 Bf5 6.e3 e6 7.Bxc4 Bb4 8.O-O O-O
9.Nh4 Bg6 10.f3 Nbd7 11.Qb3 Qe7 12.e4 e5 13.Nxg6 hxg6 14.dxe5 Nxe5 15.Be2 Rad8
16.Kh1 Nh5 17.f4 Nd3 18.e5 Nxc1 19.Raxc1 Rd2 20.Bxh5 g5 21.Ne4 Rd4 22.Rc4 Qe6
23.Nf6+ Kh8 24.Qxb4  1-0

[Event "ch-BEL"]
[Site "Westerlo BEL"]
[Date "2004.07.06"]
[Round "4"]
[White "Mohandesi,S"]
[Black "Hautot,S"]
[Result "1/2-1/2"]
[WhiteElo "2312"]
[BlackElo "2336"]

1.d4 d5 2.c4 c6 3.Nf3 Nf6 4.Nc3 dxc4 5.a4 Bf5 6.e3 e6 7.Bxc4 Bb4 8.Qb3 a5
9.Bd2 Nbd7 10.Ne2 Bxd2+ 11.Nxd2 Ne4 12.Nxe4 Bxe4 13.O-O Nb6 14.Ng3 Bd5 15.Bxd5 exd5
16.Rfb1 O-O 17.h3 g6 18.Ne2 Nc4 19.Qc3 Qe7 20.b4 axb4 21.Qxb4 Qxb4 22.Rxb4 b5
23.Nc3 Nb6 24.Ra2 Nxa4 25.Nxa4 Rxa4 26.Raxa4 bxa4 27.Rxa4 Re8 28.Ra6 Re6
29.Kh2 Kg7 30.h4 Kf6 31.Kg3 Kg7 32.Ra7 Kf6 33.Rc7 Kg7 34.Kf3 Rf6+ 35.Ke2 Re6
36.g4 h5 37.g5 Kf8 38.f3 f6 39.Kd3 f5 40.Ra7 Ke8 41.Kd2 Kd8 42.Rg7 Ke8 43.Kd3 Kf8
44.Rb7 Ke8 45.f4 Kf8 46.Rc7 Ke8 47.Kd2 Kd8 48.Ra7 Ke8 49.Ra8+ Kf7 50.Rc8 Ke7
51.Kd3 Kd7 52.Rg8 Ke7 53.Ra8 Kf7 54.Ra3 Ke7 55.Kd2 Kd7 56.Kc2 Ke7 57.Kd3 Ke8
58.Rb3 Ke7 59.Rb8 Kf7 60.Rc8 Ke7 61.Ra8 Kf7 62.Ra3 Ke7 63.Rc3 Kd6 64.Kc2 Kc7
65.Ra3 Kd7 66.Ra7+ Ke8 67.Kd2 Kf8 68.Kd3 Ke8 69.Rc7 Kd8 70.Rg7 Ke8 71.Kc3 Rxe3+
72.Kb4 Re4 73.Kc5 Rxf4 74.Rxg6 Rxh4 75.Rxc6 Rg4 76.g6 h4 77.Kxd5 h3 78.Rc8+ Kd7
79.Rh8 Rxg6 80.Rh7+ Kd8 81.Rxh3 f4 82.Ke5 Rg5+ 83.Kxf4 Ra5 84.Ke4 Rb5 85.d5 Rb4+
86.Ke5 Rb6 87.Rh8+ Kd7 88.Rh7+ Kd8 89.Kd4 Ra6 90.Rb7 Rg6 91.Rh7 Rg4+ 92.Ke5 Rg6
93.Rf7 Ra6 94.Rf4 Rh6 95.Re4 Ra6 96.Kf5 Kd7 97.Ke5 Rh6 98.Rf4 Kd8 99.Kd4 Ra6
100.Kc5 Rh6 101.Kb5 Kd7 102.Ra4 Rg6 103.Rc4 Rh6 104.Kc5 Rg6 105.Rh4 Rf6 106.Rh7+ Kd8
107.Kd4 Rg6 108.Rh5 Rg4+  1/2-1/2

[Event "22nd Open"]
[Site "Andorra la Vella AND"]
[Date "2004.07.07"]
[Round "5"]
[White "Palo,D"]
[Black "Lemmers,O"]
[Result "1/2-1/2"]
[WhiteElo "2513"]
[BlackElo "2396"]

1.d4 d5 2.c4 c6 3.Nf3 Nf6 4.Nc3 dxc4 5.a4 Bf5 6.Ne5 Nbd7 7.Nxc4 Nb6 8.Ne5 a5
9.g3 e6 10.Bg2 Bb4 11.O-O O-O 12.e3 h6 13.Qe2 Bh7 14.Rd1 Nbd7 15.Nxd7 Qxd7
16.e4 Qe7 17.Na2 e5 18.dxe5 Qxe5 19.Nxb4 axb4 20.Bf4 Qe6 21.Rd4 Rfe8 22.Rxb4 b5
23.Qd1 Bxe4 24.Bxe4 Nxe4 25.a5 Nc5 26.Be3 Na4 27.Rbxa4 bxa4 28.Qxa4 Ra6 29.b4 Rd8
30.Qc2 Qe5 31.Rc1 Qb5 32.Bc5 Raa8 33.h4 Re8 34.Rd1 Re2 35.Qf5 Qc4 36.Rd7 Qe6
37.Qxe6 Rxe6 38.Kf1 g6 39.Rc7 Kg7 40.Bd4+ Kf8 41.Be3 h5 42.Ke2 Ke8 43.Kf3 Ra6
44.Kf4 Re7 45.Rc8+ Kd7 46.Rf8 Ke6 47.Kg5 Rd7 48.Re8+ Re7 49.Rb8 Rd7 50.Re8+ Re7
51.Rc8 Kd7 52.Rf8 Ke6 53.Bc5 Rb7 54.Rd8 Rb5 55.Rd6+ Ke5 56.Rd7 Rxc5 57.bxc5 Ke6
58.Rd2 Rxa5 59.Re2+ Kd7 60.Kf6 Rxc5 61.Kxf7 g5 62.Rd2+ Kc7 63.hxg5 Rxg5 64.Ke6 Rg8
65.Rd7+ Kb6 66.Rh7 Rf8 67.f4 Rg8 68.f5 Rxg3 69.f6 Re3+ 70.Kd6 Rd3+ 71.Ke5 Rd8
72.Ke6 Kc5 73.Rd7 Re8+ 74.Re7 Rf8 75.f7 Kd4 76.Rd7+ Ke4 77.Ke7 Rxf7+ 78.Kxf7 c5
79.Rc7 Kd4 80.Kf6 c4 81.Kf5 c3 82.Kf4 Kd3 83.Kf3 c2  1/2-1/2

[Event "ch-NOR"]
[Site "Molde NOR"]
[Date "2004.07.07"]
[Round "6"]
[White "Tallaksen,G"]
[Black "Hole,O"]
[Result "1/2-1/2"]
[WhiteElo "2360"]
[BlackElo "2300"]

1.d4 d5 2.c4 c6 3.Nf3 Nf6 4.Nc3 dxc4 5.a4 Bf5 6.Ne5 Nbd7 7.Nxc4 Qc7 8.g3 e5
9.dxe5 Nxe5 10.Bf4 Nfd7 11.Bg2 g5 12.Nxe5 gxf4 13.Nxd7 Bxd7 14.Qd4 Rg8 15.O-O-O Bg7
16.Qe4+ Qe5 17.gxf4 Qxe4 18.Nxe4 O-O-O 19.Bf3 Be6 20.Nc5 Bc4 21.b3 Bd4 22.bxc4 Bxc5
23.e3 Kc7 24.Kc2 a5 25.Be4 h6 26.Rdg1 Bb4 27.Bd3 Rxg1 28.Rxg1 Kd6 29.Kd1 Kc5
30.Ke2 Bc3 31.Rb1 Bb4 32.Rg1 Bc3 33.e4 f6 34.Rb1 Rd7 35.Rb3  1/2-1/2

[Event "Open A"]
[Site "Klatovy CZE"]
[Date "2004.07.09"]
[Round "7"]
[White "Kalista,K"]
[Black "Novak,Jar"]
[Result "0-1"]
[WhiteElo "2019"]
[BlackElo "2005"]

1.d4 Nf6 2.c4 c6 3.Nc3 d5 4.Nf3 dxc4 5.a4 Bf5 6.Ne5 e6 7.e3 Nbd7 8.Nxc4 Bb4
9.Qb3 a5 10.Bd2 O-O 11.Be2 Rb8 12.O-O c5 13.Nb5 Bxd2 14.Nxd2 cxd4 15.Nxd4 Bg6
16.Rac1 Ne4 17.Rfd1 Qf6 18.N2f3 Ndc5 19.Qb5 Rbc8 20.Qxa5 e5 21.b4 b6 22.Qa7 Ra8
23.Qc7 Nxf2 24.bxc5 Nxd1 25.Bxd1 exd4 26.exd4 Rfc8 27.Qe5 Qxe5 28.Nxe5 bxc5
29.Nxg6 hxg6 30.dxc5 Rc7 31.c6 Ra6 32.Bf3 Rxa4 33.Rb1 Kf8 34.Re1 Ra2 35.h3 Rc2
36.Kh2 Re7 37.Rb1 f5 38.Rb8+ Kf7 39.Rd8 Kf6 40.Rd1 g5 41.Rd4 f4 42.Rd1 Rc5
43.Rb1 Re3 44.Rb6 Kf5 45.Rb1 Ke6 46.Rd1 Rxf3 47.gxf3 Rxc6 48.h4 gxh4 49.Kh3 g5
50.Kg4 Rc5 51.Re1+ Kf6 52.Ra1 Ke6 53.Re1+ Kd6 54.Re2 Kc6 55.Rd2 Kb5 56.Rd4 Re5
57.Rd1 Kc4 58.Rd2 Rd5 59.Ra2 Kd3 60.Ra3+ Ke2 61.Ra2+ Rd2 62.Ra3 Kf2 63.Kh3 Re2
64.Kg4 Kg2 65.Kxg5 Kg3 66.Ra4 h3 67.Ra8 h2 68.Rh8 Kxf3 69.Kf5 Ra2 70.Kf6 Kg2
71.Rg8+ Kf1 72.Rh8 Kg1  0-1

[Event "ch-CRC"]
[Site "Casa Espana CRC"]
[Date "2004.07.10"]
[Round "4"]
[White "Minero Pineda,S"]
[Black "Hernandez Basante,F"]
[Result "1-0"]
[WhiteElo "2429"]
[BlackElo "2244"]

1.Nf3 d5 2.d4 Nf6 3.c4 c6 4.Nc3 dxc4 5.a4 Bf5 6.Nh4 e6 7.Nxf5 exf5 8.e3 Bd6
9.Bxc4 O-O 10.Qf3 g6 11.h3 h5 12.Bd2 Nbd7 13.O-O-O Qe7 14.g4 fxg4 15.hxg4 Nxg4
16.Qg2 Kg7 17.e4 Nb6 18.Be2 Bb4 19.Bxg4 Bxc3 20.Bxc3 Qg5+ 21.Bd2 Qxg4 22.Bh6+ Kf6
23.Qxg4 hxg4 24.Bxf8 Rxf8 25.b3 Kg5 26.Rhe1 Kf4 27.d5 f5 28.a5 Nd7 29.dxc6 Nc5
30.b4 Nxe4 31.cxb7 Nxf2 32.Rd4+ Kf3 33.b5 g3 34.a6 g2 35.Kc2 Re8 36.Rg1 Ne4
37.b6  1-0

[Event "Open"]
[Site "Olomouc CZE"]
[Date "2004.07.10"]
[Round "7"]
[White "Halkias,S"]
[Black "Shanava,K"]
[Result "0-1"]
[WhiteElo "2533"]
[BlackElo "2438"]

1.d4 d5 2.c4 c6 3.Nc3 Nf6 4.Nf3 dxc4 5.a4 Bf5 6.Nh4 e6 7.Nxf5 exf5 8.e3 Bb4
9.Bxc4 O-O 10.Qc2 g6 11.O-O Nbd7 12.f3 Rc8 13.Qf2 c5 14.Ba2 Qb6 15.Bd2 f4
16.Rfd1 Rfe8 17.Kh1 fxe3 18.Bxe3 c4 19.Bh6 Qa5 20.d5 Bxc3 21.bxc3 Qxc3 22.Rac1 Qb4
23.h3 Qxa4 24.Bb1 Qa3 25.d6 Qc5 26.Qg3 b5 27.Bg5 Nh5 28.Qg4 f5 29.Qh4 Re2
30.Re1 Rce8 31.Be7 Qe5 32.f4 Rxe1+ 33.Rxe1 Qxf4 34.g4 Ng3+ 35.Kg1 Qd4+ 36.Kg2 Qd2+
37.Kf3 Qxe1 38.Bxf5 Qc3+ 39.Kg2 gxf5 40.Qh6 Qe5  0-1

[Event "ch-BEL"]
[Site "Westerlo BEL"]
[Date "2004.07.10"]
[Round "8"]
[White "Laurent,B"]
[Black "Hautot,S"]
[Result "1/2-1/2"]
[WhiteElo "2344"]
[BlackElo "2336"]

1.d4 d5 2.Nf3 Nf6 3.c4 c6 4.Nc3 dxc4 5.a4 Bf5 6.e3 e6 7.Bxc4 Bb4 8.O-O O-O
9.Qe2 Bg6 10.Ne5 Nbd7 11.Nxg6 hxg6 12.Rd1 Qa5 13.e4 e5 14.d5 Nc5 15.dxc6 bxc6
16.f3 Rad8 17.Be3 Rxd1+ 18.Rxd1 Nxa4 19.Nxa4 Qxa4 20.b3 Qa5 21.Qf2 c5 22.Rd6 Rd8
23.Rxd8+ Qxd8 24.Bxc5  1/2-1/2

[Event "15th Open"]
[Site "Ljubjana SLO"]
[Date "2004.07.11"]
[Round "3"]
[White "Ftacnik,L"]
[Black "Podkriznik,G"]
[Result "1/2-1/2"]
[WhiteElo "2549"]
[BlackElo "2364"]

1.d4 d5 2.c4 c6 3.Nf3 Nf6 4.Nc3 dxc4 5.a4 Bf5 6.Nh4 e6 7.Nxf5 exf5 8.e3 Bb4
9.Bxc4 O-O 10.O-O Nbd7 11.Qc2 g6 12.f3 Rc8 13.Ba2 Qb6 14.Qf2 c5 15.Bd2 a6
16.Kh1 h5 17.Qg3 Kg7 18.d5 c4 19.e4 fxe4 20.fxe4 Bd6 21.Bf4 Bxf4 22.Rxf4 Ng4
23.Nd1 Kh7 24.Qc3 Qd6 25.g3 b5 26.axb5 axb5 27.Bb1 Nge5 28.Ne3 Ra8 29.Nc2 Kg8
30.b3 Qc5 31.Rxa8 Rxa8 32.b4 Qd6 33.Rf1 Nd3 34.Nd4 Qxb4 35.Qxb4 Nxb4 36.Nxb5 Ne5
37.Kg1 Kf8 38.h3 Ra5 39.Nd4 Ke7 40.Kf2 Ra3 41.Rd1 h4 42.Rg1 Rxg3 43.Rxg3 hxg3+
44.Kxg3 c3 45.Kf4 Nc4 46.Bc2 Na3 47.Bb3 c2 48.Nxc2 Naxc2 49.d6+ Kxd6 50.Bxf7 Nd3+  1/2-1/2

[Event "Open"]
[Site "Condom FRA"]
[Date "2004.07.12"]
[Round "3"]
[White "Fournier,C"]
[Black "Marciniak,A"]
[Result "0-1"]
[WhiteElo "2076"]
[BlackElo "2168"]

1.d4 d5 2.c4 c6 3.Nf3 Nf6 4.Nc3 dxc4 5.a4 Bf5 6.Ne5 Nbd7 7.Nxc4 Nb6 8.Ne5 a5
9.f3 Nfd7 10.Nxd7 Nxd7 11.e4 Bg6 12.Be3 Qb6 13.Qd2 e5 14.O-O-O O-O-O 15.dxe5 Bc5
16.Bg5 f6 17.exf6 gxf6 18.Bf4 Ne5 19.Qe2 Rxd1+ 20.Qxd1 Rd8 21.Qe2 Nd3+ 22.Qxd3 Rxd3
23.Bxd3 Be3+ 24.Bxe3 Qxe3+ 25.Kc2 Qf2+ 26.Be2 Qxg2 27.Rd1 Qxh2 28.Rd2 Qf4
29.Nd1 Bf7 30.Rd4 c5 31.Rd2 Bb3+ 32.Kc3 Bxa4 33.Rd5 Qc1+  0-1

[Event "XIII Open"]
[Site "Castellar del Valles ESP"]
[Date "2004.07.15"]
[Round "2"]
[White "Moskalenko,V"]
[Black "Kononenko,T"]
[Result "1-0"]
[WhiteElo "2544"]
[BlackElo "2361"]

1.d4 d5 2.c4 c6 3.Nf3 Nf6 4.Nc3 dxc4 5.a4 Bf5 6.e3 e6 7.Bxc4 Bb4 8.O-O Nbd7
9.Qe2 O-O 10.Ne5 a5 11.e4 Bg6 12.Nxg6 hxg6 13.Rd1 Re8 14.f4 Qb6 15.Kh1 Rad8
16.e5 Nd5 17.Nxd5 cxd5 18.Bb5 Rf8 19.g4 Nb8 20.Be3 Nc6 21.Qf3 Ne7 22.Bd3 Rc8
23.Rg1 f6 24.Qg3 Rf7 25.Raf1 Rcf8 26.Qh3 Qc6 27.f5 gxf5 28.gxf5 exf5 29.Rxf5 Nxf5
30.Bxf5 Re8 31.Qh7+ Kf8 32.Bg6 Rxe5 33.dxe5 d4+ 34.Be4 Qd7 35.exf6 gxf6 36.Rg8+ Ke7
37.Rg7  1-0

[Event "ch-CRC"]
[Site "San Jose CRC"]
[Date "2004.07.15"]
[Round "8"]
[White "Minero Pineda,S"]
[Black "Gonzalez,Be CRC"]
[Result "1-0"]
[WhiteElo "2429"]
[BlackElo "2420"]

1.Nf3 d5 2.d4 Nf6 3.c4 c6 4.Nc3 dxc4 5.a4 Bf5 6.Nh4 e6 7.Nxf5 exf5 8.e3 Bb4
9.Bxc4 O-O 10.O-O Nbd7 11.Qc2 g6 12.f3 Qe7 13.Qf2 c5 14.Bd2 Rad8 15.Kh1 a5
16.Rae1 Rfe8 17.Qh4 Nb6 18.Bb5 Nfd7 19.Qh6 Qf8 20.Qh4 Qd6 21.Rd1 Rf8 22.e4 cxd4
23.Bh6 Rfe8 24.exf5 Qe5 25.Qxd4 Qxd4 26.Rxd4 Nc5 27.Rh4 Re5 28.Bf4 Rxf5 29.Bc7  1-0

[Event "XIII Open"]
[Site "Castellar del Valles ESP"]
[Date "2004.07.16"]
[Round "3"]
[White "Moskalenko,V"]
[Black "Gonzalez Rodriguez,JA"]
[Result "1-0"]
[WhiteElo "2544"]
[BlackElo "2348"]

1.d4 d5 2.c4 c6 3.Nf3 Nf6 4.Nc3 dxc4 5.a4 Bf5 6.Nh4 e6 7.Nxf5 exf5 8.e3 Na6
9.Bxc4 Nb4 10.Qb3 Qd7 11.a5 Bd6 12.f3 O-O 13.O-O c5 14.dxc5 Bxc5 15.Kh1 h6
16.e4 fxe4 17.Nxe4 Nxe4 18.fxe4 Rae8 19.Ra4 Nc6 20.Bd5 Ne5 21.Ra1 Ng4 22.Qg3 Bd6
23.Bf4 Bxf4 24.Rxf4 Ne5 25.Rf5 Qe7 26.h3 g6 27.Rc1 a6 28.Rf2 Rd8 29.Qe3 Kg7
30.Rfc2 f6 31.Rc7 Rd7 32.Rxd7 Nxd7 33.Rc7 Qd6 34.Qb6  1-0

[Event "Glassy Stream Open"]
[Site "Kharkov UKR"]
[Date "2004.07.16"]
[Round "8"]
[White "Nester,I"]
[Black "Yeremenko,A"]
[Result "1-0"]
[WhiteElo "2305"]
[BlackElo "2110"]

1.Nf3 d5 2.d4 Nf6 3.c4 c6 4.Nc3 dxc4 5.a4 Bf5 6.Ne5 Nbd7 7.Nxc4 Qc7 8.g3 e5
9.dxe5 Nxe5 10.Bf4 Nfd7 11.Bg2 f6 12.O-O Nc5 13.Ne3 Be6 14.b4 Rd8 15.Qb1 Nb3
16.Ned5 cxd5 17.Qxb3 Qc4 18.Qxc4 Nxc4 19.Rad1 Bxb4 20.Nxd5 Ba5 21.Nc7+ Bxc7
22.Bxc7 Rc8 23.Bf4 Na5 24.e4 Bb3 25.Rc1 Kf7 26.e5 b6 27.Rfe1 fxe5 28.Bxe5 Rhd8
29.h4 Rxc1 30.Rxc1 Rd1+ 31.Rxd1 Bxd1 32.Bb8 Bxa4 33.Bxa7 b5 34.Bd5+ Kg6 35.g4 h6
36.Bb6 Nc4 37.Bd4 Bc2 38.Bg8 Bd1 39.Be6 Kh7 40.Kg2 Bc2 41.f4 Bd3 42.Bc3 Ne3+
43.Kf3 Bc4 44.Bc8 Nd5 45.Bd4 Ne7 46.Bd7 Kg8 47.f5 Kf7 48.Bc5 Ng8 49.Kf4 g6
50.Ke5 gxf5 51.gxf5 Kg7 52.Kd6 Bd3 53.Bd4+ Kf8 54.f6 h5 55.Be6 Nh6 56.Kd7 Nf7
57.Bc5+ Kg8 58.Ke7 Bg6 59.Bb4  1-0